00836cam a22002291 4500001001300000003000400013005001700017008004100034010001700075040001800092050002200110111005200132245001700184260006400201300004200265490006300307500007700370504002900447650001400476710004500490830007100535sa 68015261 DLC20260227112642.0700601s1959 ii af b 100 0 eng  asa 68015261  aDLCcDLCdDLC00aQC176.2b.S9 19582 aSymposium on Crystal Physics,cCalcutta,d1958.00aProceedings. aNew Delhi,bNational Institute of Sciences of India,c1959. aviii, 178 p.billus., plates.c25 cm.1 aNational Institute of Sciences of India. Bulletin,vno. 14 aOrganized by the Council of the National Institute of Sciences of India. aIncludes bibliographies. 0aCrystals.2 aNational Institute of Sciences of India. 0aBulletin of the National Institute of Sciences of India ;vno. 14.